Premier League teams 2014/2015 - Statistics

General Stats
  • This quiz has been taken 24 times
  • The average score is 18 of 20
Answer Stats
Position Points Team % Correct
3 75 Arsenal
100%
1 87 Chelsea
100%
6 62 Liverpool
100%
2 79 Manchester City
100%
7 60 Southampton
100%
16 38 Sunderland
100%
17 38 Aston Villa
94%
4 70 Manchester United
94%
15 39 Newcastle United
94%
14 41 Leicester City
88%
9 54 Stoke City
88%
5 64 Tottenham Hotspur
88%
11 47 Everton
81%
20 30 Queens Park Rangers
81%
8 56 Swansea City
81%
12 47 West Ham United
81%
19 33 Burnley
75%
18 35 Hull City
75%
13 44 West Bromwich Albion
75%
10 48 Crystal Palace
69%
No matching quizzes found
Score Distribution
Percent of People with Each Score
Percentile by Number Answered
Your Score History
You have not taken this quiz